Ochrana spotrebiteľa a právna úprava timesharingovej zmluvy, ako aj ostatných zmlúv o poskytovaní niektorých služieb cestovného ruchu v SR

Vývoj právnej úpravy timesharingu na Slovensku a analýza platnej právnej úpravy timesharingovej zmluvy a ostatných zmlúv s timesharingovou zmluvou súvisiacich. Zákonom č. 150/2004 Z.z.

Enregistré dans:
Détails bibliographiques
Auteur principal: Veterníková, Mária, 1964-
Format: Chapitre de livre
Langue:slovaque
Sujets:
Tags: Ajouter un tag
Pas de tags, Soyez le premier à ajouter un tag!

MARC

LEADER 00000naa$a2200000$$$4500
001 0249724
005 20240502074009.5
041 0 |a slo 
044 |a SK 
245 1 0 |a Ochrana spotrebiteľa a právna úprava timesharingovej zmluvy, ako aj ostatných zmlúv o poskytovaní niektorých služieb cestovného ruchu v SR  |c Mária Veterníková 
520 |a Vývoj právnej úpravy timesharingu na Slovensku a analýza platnej právnej úpravy timesharingovej zmluvy a ostatných zmlúv s timesharingovou zmluvou súvisiacich. Zákonom č. 150/2004 Z.z. 
610 2 0 |a legislatíva 
610 2 0 |a Timesharingová zmluva 
610 2 0 |a ochrana spotrebiteľa 
610 2 0 |a úpravy právne 
610 2 0 |a Slovensko 
610 2 0 |a ruch cestovný 
610 2 0 |a zmluvy obchodné 
610 2 0 |a služby 
100 1 |a Veterníková, Mária, 1964-